Structures and stochastic methods / (Record no. 546644)
[ view plain ]
| 000 -LEADER | |
|---|---|
| fixed length control field | 00945nam a2200193 a 4500 |
| 020 ## - INTERNATIONAL STANDARD BOOK NUMBER | |
| International Standard Book Number | 0444989552 |
| 082 00 - DEWEY DECIMAL CLASSIFICATION NUMBER | |
| Classification number | 624.171 |
| Author Mark | STR |
| -- | L-37 P-102 |
| 245 00 - TITLE STATEMENT | |
| Title | Structures and stochastic methods / |
| Statement of responsibility, etc. | edited by A.S. Cakmak. |
| 260 ## - PUBLICATION, DISTRIBUTION, ETC. | |
| Place of publication, distribution, etc. | Amsterdam ; |
| -- | New York : |
| Name of publisher, distributor, etc. | Elsevier ; |
| Place of publication, distribution, etc. | Southampton ; |
| -- | Boston : |
| Name of publisher, distributor, etc. | Computational Mechanics Publications ; |
| Place of publication, distribution, etc. | New York, N.Y. : |
| Name of publisher, distributor, etc. | Distributors for the U.S. and Canada, Elsevier Science Pub. Co., |
| Date of publication, distribution, etc. | 1987. |
| 300 ## - PHYSICAL DESCRIPTION | |
| Extent | 489 p. : |
| Other physical details | ill. ; |
| Dimensions | 24 cm. |
| 500 ## - GENERAL NOTE | |
| General note | Selected papers from the 3rd International Conference on Soil Dynamics and Earthquake Engineering, held in Princeton, N.J., June 22-24,1987. |
| 526 ## - STUDY PROGRAM INFORMATION NOTE | |
| Program name | 0 |
| Interest level | 0 |
| Reading level | 0 |
| Title point value | 624_171000000000000_STR |
| 650 #0 - SUBJECT ADDED ENTRY--TOPICAL TERM | |
| Topical term or geographic name entry element | Buildings |
| General subdivision | Earthquake effects |
| -- | Congresses. |
| 9 (RLIN) | 42823 |
| 650 #0 - SUBJECT ADDED ENTRY--TOPICAL TERM | |
| Topical term or geographic name entry element | Earthquake engineering |
| General subdivision | Statistical methods |
| -- | Congresses. |
| 9 (RLIN) | 42824 |
| 650 #0 - SUBJECT ADDED ENTRY--TOPICAL TERM | |
| Topical term or geographic name entry element | MCE |
| 9 (RLIN) | 379 |
| 650 #0 - SUBJECT ADDED ENTRY--TOPICAL TERM | |
| Topical term or geographic name entry element | Stochastic processes |
| General subdivision | Congresses. |
| 9 (RLIN) | 42825 |
| 700 1# - ADDED ENTRY--PERSONAL NAME | |
| Personal name | Cakmak, A. S. |
| 9 (RLIN) | 42826 |
| 942 ## - ADDED ENTRY ELEMENTS (KOHA) | |
| Source of classification or shelving scheme | |
| Koha item type | Book |
| Withdrawn status | Lost status | Source of classification or shelving scheme | Damaged status | Not for loan | Permanent Location | Current Location | Date acquired | Total Checkouts | Full call number | Barcode | Date last seen | Price effective from | Koha item type |
|---|---|---|---|---|---|---|---|---|---|---|---|---|---|
| Military College of Engineering (MCE) | Military College of Engineering (MCE) | 06/17/2014 | 624.171 STR | MCE-28814 | 06/17/2014 | 06/17/2014 | Book |
